000
00196 a2200097 4500
020
_a
9788484123019
041
_a
spa
100
_a
Sabate Rodie, Teresa
245
_a
El cuento de la ch
942
_c
BK
999
_c
30916
_d
30914